[Event "AUTO-INT-2239"]
[Site "http://www.queenalice.com/game.php?id=1130896"]
[Date "2012.12.13"]
[Round "2"]
[White "Alvo_Dumbledore"]
[Black "LeandroMontalvao"]
[Result "1-0"]
[WhiteElo "1924"]
[BlackElo "1925"]

1. d4 Nf6 2. c4 c5 3. d5 e6 4. Bg5 Be7 5. d6 Bf8 6. e4 h6 7. Bxf6 Qxf6 8. Nc3 a6
9. Nf3 Nc6 10. Be2 Nd4 11. e5 Qf5 12. Nxd4 cxd4 13. Qxd4 Qc2 14. Rb1 g5 15. Bd3
Qxb1+ 16. Bxb1 Bg7 17. Ne4 O-O 18. Nf6+ Bxf6 19. Qe4 Rd8 20. exf6 1-0

[Event "AUTO-ADV-2767"]
[Site "http://www.queenalice.com/game.php?id=1154205"]
[Date "2013.2.21"]
[Round "1"]
[White "rpalmero"]
[Black "LeandroMontalvao"]
[Result "1-0"]
[WhiteElo "2004"]
[BlackElo "1871"]

1. c4 e5 2. Nc3 Bc5 3. e3 Nf6 4. a3 a5 5. Qc2 c6 6. Nf3 d6 7. b3 O-O 8. Bb2 Na6
9. d4 exd4 10. exd4 Bb6 11. Be2 Bg4 12. Rd1 Re8 13. O-O Bc7 14. h3 Bh5 15. Rfe1
Bg6 16. Bd3 Bxd3 17. Qxd3 d5 18. c5 1-0

[Event "AUTO-ADV-2767"]
[Site "http://www.queenalice.com/game.php?id=1154206"]
[Date "2013.2.21"]
[Round "1"]
[White "LeandroMontalvao"]
[Black "rpalmero"]
[Result "0-1"]
[WhiteElo "1860"]
[BlackElo "2015"]

1. e4 c5 2. Bc4 e6 3. Nc3 Nc6 4. Nf3 a6 5. a4 Qc7 6. O-O Nf6 7. d3 b6 8. Re1 Bd6
9. h3 Bb7 10. Be3 Ne5 11. Nxe5 Bxe5 12. d4 cxd4 13. Bxd4 Rc8 14. Bxe5 Qxe5 15.
Qd3 O-O 16. Bxa6 Bxa6 17. Qxa6 Rc6 18. Rad1 h6 0-1

[Event "AUTO-ADV-2767"]
[Site "http://www.queenalice.com/game.php?id=1154221"]
[Date "2013.2.21"]
[Round "1"]
[White "LeandroMontalvao"]
[Black "grautvornix"]
[Result "1-0"]
[WhiteElo "1828"]
[BlackElo "1871"]

1. e4 b6 2. d4 Bb7 3. Nc3 e6 4. Bd3 Nc6 5. Nf3 Bb4 6. Bd2 Nf6 7. O-O d5 8. e5
Nd7 9. a3 Be7 10. Ne1 Nxd4 11. Qg4 Nc6 12. Qxg7 Rf8 13. Nf3 Nc5 14. Bxh7 Qd7 15.
b4 Ne4 16. Rad1 Nxc3 17. Bxc3 O-O-O 18. Bd3 f6 19. exf6 Bd6 20. Rfe1 Rh8 21. Ng5
Bxh2+ 22. Kf1 Qd6 23. Nf7 Rhg8 24. Nxd6+ cxd6 25. Qh7 Rh8 26. Qf7 d4 27. Qxe6+
Kb8 28. Bb2 Ne5 29. Bxd4 Rde8 30. Qxd6+ Ka8 31. Bxe5 Bxe5 32. Rxe5 Rd8 33. Qe6
Rdg8 34. f3 Rd8 35. f7 Rhf8 36. Rg5 1-0

[Event "AUTO-ADV-2767"]
[Site "http://www.queenalice.com/game.php?id=1154222"]
[Date "2013.2.21"]
[Round "1"]
[White "grautvornix"]
[Black "LeandroMontalvao"]
[Result "1-0"]
[WhiteElo "1857"]
[BlackElo "1843"]

1. Nf3 d5 2. b3 c5 3. Bb2 Nc6 4. e3 d4 5. Be2 e5 6. Bb5 Bd7 7. Na3 e4 8. Bxc6
Bxc6 9. Ne5 Rc8 10. Qe2 Nf6 11. Nxc6 bxc6 12. Nc4 d3 13. cxd3 exd3 14. Qf3 Be7
15. O-O-O O-O 16. h4 Nd5 17. Qg3 Bf6 18. Bxf6 Qxf6 19. Kb1 Nb6 20. Ne5 Rfe8 21.
f4 Qd6 22. h5 h6 23. Rdf1 f6 24. Ng6 c4 25. Qe1 cxb3 26. Qc1 bxa2+ 27. Ka1 Qd5
28. g4 Re4 29. f5 Kf7 30. Qa3 Rc7 31. Qf8# 1-0

[Event "AUTO-ADV-2941"]
[Site "http://www.queenalice.com/game.php?id=1210995"]
[Date "2013.8.24"]
[Round "1"]
[White "chessman"]
[Black "LeandroMontalvao"]
[Result "0-1"]
[WhiteElo "1866"]
[BlackElo "1821"]

1. e4 e6 2. d4 d5 3. e5 c5 4. c3 Nc6 5. f4 Nge7 6. Nf3 cxd4 7. cxd4 Qb6 8. Nc3
Nf5 9. Be2 Nfxd4 10. Nxd4 Nxd4 11. Qd3 Bc5 12. Na4 Qa5+ 13. Nc3 Bd7 14. Bd2 Qb6
15. O-O-O Rc8 16. Kb1 Ba3 17. b3 Nxb3 0-1

[Event "AUTO-ADV-2941"]
[Site "http://www.queenalice.com/game.php?id=1210996"]
[Date "2013.8.24"]
[Round "1"]
[White "LeandroMontalvao"]
[Black "chessman"]
[Result "0-1"]
[WhiteElo "1846"]
[BlackElo "1908"]

1. e4 e6 2. d4 d5 3. e5 c5 4. c3 Nc6 5. Nf3 Qb6 6. Bd3 cxd4 7. cxd4 Bb4+ 8. Nc3
Bd7 9. Bc2 Rc8 10. a3 Bxc3+ 11. bxc3 Nge7 12. O-O Na5 13. Rb1 Qc7 14. Bd2 Nc4
15. Bg5 Nxa3 16. Ra1 Nxc2 17. Qxc2 Qxc3 18. Qxc3 Rxc3 19. Bxe7 Kxe7 20. Rxa7 Bc6
21. Rb1 Rc8 22. h3 h6 23. Rb2 f6 24. g4 Rxf3 25. Kg2 Rc3 26. f3 fxe5 27. Rd2 e4
28. fxe4 dxe4 29. Kh2 Bd5 30. Ra4 Rc2 31. Rxc2 Rxc2+ 32. Kg3 Rc4 33. Rxc4 Bxc4
34. Kf4 g6 35. h4 Bd5 36. Ke3 b6 37. g5 hxg5 38. hxg5 e5 39. dxe5 Ke6 40. Kd2
Kxe5 41. Ke3 Kf5 42. Kd4 b5 43. Kxd5 e3 44. Kc5 Kxg5 0-1

[Event "AUTO-ADV-2941"]
[Site "http://www.queenalice.com/game.php?id=1211009"]
[Date "2013.8.24"]
[Round "1"]
[White "sia"]
[Black "LeandroMontalvao"]
[Result "1-0"]
[WhiteElo "2051"]
[BlackElo "1854"]

1. g3 e5 2. Bg2 d5 3. d3 c5 4. b3 Nc6 5. Bb2 Nf6 6. Nf3 Bd6 7. O-O O-O 8. Nbd2
h6 9. e3 b6 10. c3 Bf5 11. d4 e4 12. Nh4 Bg4 13. f3 exf3 14. Bxf3 Bh3 15. Rf2
Qc7 16. dxc5 Bxc5 17. Re2 Rfe8 18. Kf2 Ne5 19. Qc2 Neg4+ 20. Bxg4 Nxg4+ 21. Ke1
Nxe3 22. Qd3 Qc6 23. Ndf3 Bf1 24. Nd4 Bxd4 25. Qxd4 Nc2+ 26. Kxf1 1-0

[Event "AUTO-ADV-2941"]
[Site "http://www.queenalice.com/game.php?id=1211010"]
[Date "2013.8.24"]
[Round "1"]
[White "LeandroMontalvao"]
[Black "sia"]
[Result "0-1"]
[WhiteElo "1863"]
[BlackElo "2042"]

1. e4 e5 2. Nf3 d6 3. Bc4 h6 4. O-O Nf6 5. Re1 Be7 6. c3 Bg4 7. d4 Nc6 8. Bb5
O-O 9. d5 Nb8 10. Nbd2 c6 11. dxc6 bxc6 12. Ba4 Qa5 13. h3 Bxf3 14. Nxf3 c5 15.
Bd2 Qb6 16. b4 cxb4 17. cxb4 Na6 18. a3 Nc7 19. Rc1 Nb5 20. Bxb5 Qxb5 21. a4 Qb7
22. Qe2 Rac8 23. Nh4 Rxc1 24. Rxc1 Nxe4 25. Nf5 Nxd2 26. Qxd2 Bg5 0-1

[Event "AUTO-ADV-2941"]
[Site "http://www.queenalice.com/game.php?id=1211017"]
[Date "2013.8.24"]
[Round "1"]
[White "bispo46"]
[Black "LeandroMontalvao"]
[Result "1-0"]
[WhiteElo "1935"]
[BlackElo "1850"]

1. e4 e6 2. Nf3 d5 3. e5 c5 4. c3 Nc6 5. d4 Qb6 6. Be2 Nge7 7. Na3 Nf5 8. Nc2
Be7 9. O-O O-O 10. h3 f6 11. Qd3 cxd4 12. cxd4 Nb4 13. Nxb4 Qxb4 14. Bd1 b6 15.
Bc2 fxe5 16. dxe5 Bd7 17. g4 Nh6 18. Qxh7+ 1-0

[Event "AUTO-ADV-2941"]
[Site "http://www.queenalice.com/game.php?id=1211018"]
[Date "2013.8.24"]
[Round "1"]
[White "LeandroMontalvao"]
[Black "bispo46"]
[Result "0-1"]
[WhiteElo "1832"]
[BlackElo "1995"]

1. e4 c5 2. Nf3 d6 3. Bc4 e6 4. O-O Nf6 5. Re1 Be7 6. c3 O-O 7. d4 cxd4 8. cxd4
h6 9. Nc3 Qc7 10. Bb3 b6 11. d5 e5 12. h3 Na6 13. Be3 Bd7 14. Nh2 Nc5 15. Bc2 b5
16. b4 Na4 17. Nxa4 bxa4 18. f3 Qc4 19. a3 Nh5 20. Bxa4 Bxa4 21. Qxa4 Ng3 22.
Kf2 Bh4 23. Qc6 Nxe4+ 24. Kg1 Qxc6 25. dxc6 Bxe1 26. Rxe1 Nc3 0-1

[Event "AUTO-ADV-2945"]
[Site "http://www.queenalice.com/game.php?id=1213072"]
[Date "2013.8.30"]
[Round "1"]
[White "LeandroMontalvao"]
[Black "Joe_Boyd"]
[Result "0-1"]
[WhiteElo "1885"]
[BlackElo "1740"]

1. e4 e6 2. d4 d5 3. e5 c5 4. c3 Nc6 5. Nf3 Qb6 6. Bd3 Bd7 7. Bc2 cxd4 8. cxd4
Nge7 9. Nc3 Ng6 10. O-O Be7 11. a3 O-O 12. Ng5 Qxd4 13. Qxd4 Nxd4 14. Bd3 Nxe5
15. Bxh7+ Kh8 16. Bd3 Nxd3 17. Nh3 Nb3 18. Rd1 Nxa1 19. Rxd3 Nb3 20. Bf4 Nc5 21.
Rg3 Rac8 22. Be5 f6 23. Bf4 e5 24. Bd2 Bc6 25. f4 d4 26. Ne2 Ne4 27. Rd3 Bb5 28.
Bb4 Bxb4 29. axb4 Bxd3 30. Ng3 Rc1+ 0-1

[Event "AUTO-ADV-2945"]
[Site "http://www.queenalice.com/game.php?id=1213073"]
[Date "2013.8.30"]
[Round "1"]
[White "Joe_Boyd"]
[Black "LeandroMontalvao"]
[Result "0-1"]
[WhiteElo "1710"]
[BlackElo "1839"]

1. e4 e5 2. f4 exf4 3. Nf3 Nc6 4. Bc4 d6 5. O-O Ne5 6. b3 Bg4 7. Be2 Nf6 8. d3
Nh5 9. Nd4 c5 10. Bxg4 Nxg4 11. Qxg4 g6 12. Nb5 Bg7 0-1

[Event "AUTO-ADV-2945"]
[Site "http://www.queenalice.com/game.php?id=1213074"]
[Date "2013.8.30"]
[Round "1"]
[White "LeandroMontalvao"]
[Black "kasparosaure"]
[Result "1-0"]
[WhiteElo "1850"]
[BlackElo "1913"]

1. e4 d5 2. exd5 Qxd5 3. Nc3 Qd8 4. Nf3 Nf6 5. Bc4 c6 6. Ne5 e6 7. O-O Nbd7 8.
d4 Bd6 9. Bf4 O-O 10. Qf3 Nb6 11. Bd3 Nbd5 12. Nxd5 exd5 13. Qg3 Nh5 14. Qf3
Nxf4 15. Qxf4 f6 16. Bxh7+ Kxh7 17. Qh4+ Kg8 18. Ng6 Kf7 19. Nxf8 Qxf8 20. Qh5+
g6 21. Qf3 Bf5 22. c3 1-0

[Event "AUTO-ADV-2945"]
[Site "http://www.queenalice.com/game.php?id=1213075"]
[Date "2013.8.30"]
[Round "1"]
[White "kasparosaure"]
[Black "LeandroMontalvao"]
[Result "0-1"]
[WhiteElo "1873"]
[BlackElo "1869"]

1. d4 Nf6 2. Nf3 c5 3. c3 e6 4. Bg5 Nc6 5. e3 d5 6. Bd3 h6 7. Bh4 c4 8. Bc2 Be7
9. Nbd2 O-O 10. O-O Nh7 11. Bxe7 Qxe7 12. Ne5 Nxe5 13. dxe5 f6 14. exf6 Qxf6 15.
Qh5 Bd7 16. f4 Be8 17. Qe2 e5 18. fxe5 Qxe5 19. Bxh7+ Kxh7 20. Rxf8 Rd8 21. Qf3
Rd6 22. Qf5+ Qxf5 0-1